000
00298nam a22001097a 4500
008
211013b ||||| |||| 00| 0 eng d
050
_a
Periodical
245
_a
Heythrop Journal
260
_a
University of Oxford
_b
Blackwell Publishers
_c
1960
300
_a
Not specified
942
_2
lcc
_c
PERIODICAL
999
_c
130783
_d
130783